Oscars for Best Foreign-language Movies - Statistics

General Stats
  • This quiz has been taken 272 times
    245 since last reset
  • The average score is 17 of 66
Answer Stats
Year Country Director Answer % Correct
1999 Italy Roberto Benigni Life is Beautiful
75%
1964 Italy Federico Fellini 8 1/2
66%
2001 Taiwan Ang Lee Crouching Tiger, Hidden Dragon
57%
1950 Italy Vittorio de Sica Bicycle Thieves
56%
2000 Spain Pedro Almodóvar All About My Mother
53%
2013 Austria Michael Haneke Amour
53%
1952 Japan Akira Kurosawa Rashomon
51%
1984 Sweden Ingmar Bergman Fanny and Alexander
49%
2012 Iran Ashgar Farhadi A Separation
48%
2007 Germany Florian Henckel von Donnersmarck The Lives of Others
47%
1990 Italy Giuseppe Tornatore Cinema Paradiso
46%
2014 Italy Paolo Sorrentino The Great Beauty
45%
1957 Italy Federico Fellini La Strada
44%
1975 Italy Federico Fellini Amarcord
40%
1970 Algeria Costa-Gavras Z
40%
2010 Argentina Juan José Campanella The Secret in Their Eyes
34%
1980 Germany (West) Volker Schlöndorff The Tin Drum
30%
2006 South Africa Gavin Hood Tsotsi
29%
1959 France Jacques Tati My Uncle
28%
2005 Spain Alejandro Amenábar The Sea Inside
28%
1976 Soviet Union Akira Kurosawa Dersu Uzala
27%
1973 France Luis Buñuel The Discreet Charm of the Bourgeoisie
27%
1961 Sweden Ingmar Bergman The Virgin Spring
26%
1974 France François Truffaut Day for Night
25%
2002 Bosnia and Herzegovina Danis Tanović No Man's Land
25%
2009 Japan Yojiro Takita Departures
24%
2004 Canada Denys Arcand The Barbarian Invasions
24%
1962 Sweden Ingmar Bergman Through a Glass Darkly
24%
1988 Denmark Gabriel Axel Babette's Feast
23%
1982 Hungary István Szabó Mephisto
22%
1958 Italy Federico Fellini Nights of Cabiria
22%
2008 Austria Stefan Ruzowitzky The Counterfeiters
22%
1967 France Claude Lelouch A Man and a Woman
21%
1994 Spain Fernando Trueba Belle Époque
21%
1986 Argentina Luis Puenzo The Official Story
21%
1989 Denmark Bille August Pelle the Conqueror
20%
1968 Czechoslovakia Jiří Menzel Closely Watched Trains
19%
2003 Germany Caroline Link Nowhere in Africa
19%
1969 Soviet Union Sergei Bondarchuk War and Peace
19%
1996 Netherlands Marleen Gorris Antonia's Line
18%
1995 Russia Nikita Mikhalkov Burnt by the Sun
18%
2011 Denmark Susanne Bier In a Better World
18%
1997 Czech Republic Jan Svěrák Kolya
18%
1960 France Marcel Camus Black Orpheus
15%
1977 Ivory Coast Jean-Jacques Annaud Black and White in Color
14%
1993 France Régis Wargnier Indochine
14%
1971 Italy Elio Petri Investigation of a Citizen Above Suspicion
14%
1992 Italy Gabriele Salvatores Mediterraneo
14%
1948 Italy Vittorio de Sica Shoe-Shine
14%
1981 Soviet Union Vladimir Menshov Moscow Does Not Believe in Tears
13%
1983 Spain José Luis Garci Volver a Empezar
13%
1998 Netherlands Mike van Diem Character
12%
1978 France Moshé Mizrahi Madame Rosa
12%
1972 Italy Vittorio de Sica The Garden of the Finzi-Continis
12%
1979 France Bertrand Blier Get Out Your Handkerchiefs
11%
1955 Japan Teinosuke Kinugasa Gate of Hell
10%
1987 Netherlands Fons Rademakers The Assault
10%
1966 Czechoslovakia Ján Kadár, Elmar Klos The Shop on Main Street
10%
1953 France René Clement Forbidden Games
9%
1965 Italy Vittorio de Sica Yesterday, Today and Tomorrow
9%
1949 France Maurice Cloche Monsieur Vincent
8%
1963 France Serge Bourguignon Sundays and Cybele
8%
1991 Switzerland Xavier Koller Journey of Hope
7%
1985 Switzerlan Richard Dembo Dangerous Moves
6%
1951 France, Italy René Clement The Walls of Malapaga
6%
1956 Japan Hiroshi Inagaki Samurai, The Legend of Musashi
3%
No matching quizzes found
Score Distribution
Percent of People with Each Score
Percentile by Number Answered
Your Score History
You have not taken this quiz since the last reset